Score 0/13 Timer 01:30
3 Plays Today
Clue 5-Letter Word % Correct
This is thicker than waterBLOOD
95.8%
Having nobody else presentALONE
86.5%
Person involved in illegal activityCROOK
84.2%
Small streamBROOK
83.6%
Family of young birdsBROOD
83.5%
Biological copyCLONE
82.6%
Handle for starting an antique automobileCRANK
82.3%
Break down under pressureCRACK
81.8%
Thick earthenware potCROCK
79.6%
That doesn't gather moss when rollingSTONE
78.9%
Stretch one's neck to see somethingCRANE
78.3%
Make amendsATONE
75.6%
Old woman often ugly and/or cantankerousCRONE
73.5%

Today's Daily Dose

Remove Ads.
Support Sporcle.
Get the best of Sporcle when you Go Orange. This ad-free experience offers more features, more stats, and more fun while also helping to support Sporcle. Thank you for becoming a member.

You're not logged in!

Compare scores with friends on all Sporcle quizzes.
OR
Log In

Show Comments

Extras

Top Quizzes Today


Score Distribution

Your Account Isn't Verified!

In order to create a playlist on Sporcle, you need to verify the email address you used during registration. Go to your Sporcle Settings to finish the process.

Report this User

Report this user for behavior that violates our Community Guidelines.

Details: